[Event "RUS-ch U16"]
[Site "Dagomys"]
[Date "2004.04.??"]
[Round "?"]
[White "Magomedov, Murad"]
[Black "Makarov, Leonid"]
[Result "1-0"]
[WhiteElo "2170"]
[BlackElo "2036"]
[PlyCount "54"]
[EventDate "2004.04.??"]
[EventType "swiss"]
[EventRounds "10"]
[EventCountry "RUS"]
[SourceTitle "EXT 2005"]
[Source "ChessBase"]
[SourceDate "2004.11.15"]
[SourceVersion "1"]
[SourceVersionDate "2004.11.15"]
[SourceQuality "1"]

1. d4 Nf6 2. c4 g6 3. f3 d5 4. cxd5 Nxd5 5. e4 Nb6 6. Nc3 Bg7 7. Be3 Nc6 8. Bb5 0-0 9. Nge2 Na5 10. b3 a6 11. Bd3 Nc6 12. Bc2 e6 13. Qd2 Nd7 14. h4 Nf6 15. 0-0-0 Qe7 16. Kb1 Qb4 17. h5 Rd8 18. hxg6 hxg6 19. Bh6 Bh8 20. Bg5 Bg7 21. Qf4 e5 22. Qh4 Rd6 23. dxe5 Nxe5 24. Rxd6 Qxd6 25. Rd1 Qe6 26. Rd8+ Ne8 27. Nd5 Nxf3 1-0

[Event "RUS-ch U16"]
[Site "Dagomys"]
[Date "2004.04.??"]
[Round "?"]
[White "Makarov, Leonid"]
[Black "Moiseev, Vladimir"]
[Result "0-1"]
[WhiteElo "2036"]
[BlackElo "2147"]
[PlyCount "70"]
[EventDate "2004.04.??"]
[EventType "swiss"]
[EventRounds "10"]
[EventCountry "RUS"]
[SourceTitle "EXT 2005"]
[Source "ChessBase"]
[SourceDate "2004.11.15"]
[SourceVersion "1"]
[SourceVersionDate "2004.11.15"]
[SourceQuality "1"]

1. d4 Nf6 2. c4 g6 3. Nc3 Bg7 4. e4 d6 5. Be2 0-0 6. Bg5 Nbd7 7. Qd2 e5 8. d5 a5 9. 0-0-0 Nc5 10. f3 Bd7 11. g4 a4 12. h4 Ra6 13. h5 Qa8 14. Nb5 Rb6 15. hxg6 fxg6 16. Bh6 Rf7 17. Bxg7 Rxg7 18. Nh3 Qb8 19. Qa5 Ne8 20. Ng5 Ra6 21. Qd2 Nf6 22. Qe3 Rb6 23. Rd2 Qd8 24. Nh3 Qe7 25. Nf2 Ne8 26. Nd3 Kh8 27. Nf2 Rf7 28. Qh6 Rg7 29. Qe3 c6 30. dxc6 Rxc6 31. Nc3 Ne6 32. Nd5 Qd8 33. Kb1 N8c7 34. f4 Be8 35. Qf3 exf4 0-1

[Event "RUS-ch U16"]
[Site "Dagomys"]
[Date "2004.04.??"]
[Round "?"]
[White "Margolin, Evgenij"]
[Black "Makarov, Leonid"]
[Result "1/2-1/2"]
[WhiteElo "2232"]
[BlackElo "2036"]
[PlyCount "26"]
[EventDate "2004.04.??"]
[EventType "swiss"]
[EventRounds "10"]
[EventCountry "RUS"]
[SourceTitle "EXT 2005"]
[Source "ChessBase"]
[SourceDate "2004.11.15"]
[SourceVersion "1"]
[SourceVersionDate "2004.11.15"]
[SourceQuality "1"]

1. d4 Nf6 2. Nf3 e6 3. c4 c5 4. g3 cxd4 5. Nxd4 Qc7 6. b3 b6 7. Ba3 Bxa3 8. Nxa3 Bb7 9. f3 a6 10. Qd2 0-0 11. Bg2 Rd8 12. Rc1 Qd6 13. Nb1 Nc6 1/2-1/2

[Event "Arctic Cup U16"]
[Site "Salekhard"]
[Date "2003.10.10"]
[Round "7"]
[White "Barbitskij, Aleksey"]
[Black "Makarov, Leonid"]
[Result "1/2-1/2"]
[WhiteElo "2276"]
[BlackElo "2036"]
[PlyCount "84"]
[EventDate "2003.10.05"]
[EventType "team"]
[EventRounds "9"]
[EventCountry "RUS"]
[SourceTitle "CBM 096 Extra"]
[Source "ChessBase"]
[SourceDate "2003.10.22"]
[SourceVersion "2"]
[SourceVersionDate "2003.10.20"]
[SourceQuality "1"]

1. e4 c5 2. Nf3 Nc6 3. d4 cxd4 4. Nxd4 g6 5. c4 Bg7 6. Be3 Nf6 7. Nc3 d6 8. Be2 0-0 9. 0-0 Bd7 10. Rc1 a6 11. a4 Rc8 12. Nxc6 Bxc6 13. Bd3 Qa5 14. b3 Rfe8 15. Bd2 Qd8 16. Re1 Nd7 17. b4 Ne5 18. Be2 Bd7 19. Nd5 Bc6 20. Be3 Nd7 21. b5 Bxd5 22. cxd5 Rxc1 23. Qxc1 Qa5 24. bxa6 bxa6 25. Bd2 Qxa4 26. Qc6 Nc5 27. Qxa4 Nxa4 28. Bxa6 Nc5 29. Bf1 Rb8 30. f3 Bd4+ 31. Kh1 Kg7 32. Rd1 Bf2 33. Bc3+ f6 34. g3 Rb3 35. Ba1 Be3 36. Kg2 Kf7 37. Be2 Ke8 38. Bd4 Bxd4 39. Rxd4 Rb2 40. Kf2 Kf7 41. Rd1 Ra2 42. Ke3 Ra3+ 1/2-1/2

[Event "Arctic Cup U16"]
[Site "Salekhard"]
[Date "2003.10.10"]
[Round "8"]
[White "Makarov, Leonid"]
[Black "Evstratov, Oleg"]
[Result "1/2-1/2"]
[WhiteElo "2036"]
[BlackElo "2215"]
[PlyCount "68"]
[EventDate "2003.10.05"]
[EventType "team"]
[EventRounds "9"]
[EventCountry "RUS"]
[SourceTitle "CBM 096 Extra"]
[Source "ChessBase"]
[SourceDate "2003.10.22"]
[SourceVersion "2"]
[SourceVersionDate "2003.10.20"]
[SourceQuality "1"]

1. d4 Nf6 2. c4 e6 3. Nc3 d5 4. cxd5 exd5 5. Bg5 Be7 6. e3 0-0 7. Bd3 c6 8. Nge2 Nbd7 9. 0-0 Re8 10. Qc2 Nf8 11. a3 Ng6 12. h3 Ne4 13. Bxe7 Qxe7 14. b4 a6 15. Bxe4 dxe4 16. Ng3 f5 17. Na4 Qf7 18. Nb6 Rb8 19. a4 Be6 20. Rac1 Rbd8 21. Qc5 Bd5 22. Nxd5 Rxd5 23. Qc2 f4 24. exf4 Qxf4 25. Ne2 Qg5 26. Qb3 Nh4 27. Qg3 Qxg3 28. Nxg3 Rxd4 29. b5 Rxa4 30. bxc6 bxc6 31. Rxc6 Ra2 32. Rc4 Ng6 33. Nxe4 Ne5 34. Rc7 Nd3 1/2-1/2

[Event "Arctic Cup U16"]
[Site "Salekhard"]
[Date "2003.10.09"]
[Round "6"]
[White "Potapov, Pavel"]
[Black "Makarov, Leonid"]
[Result "0-1"]
[WhiteElo "2267"]
[BlackElo "2036"]
[PlyCount "76"]
[EventDate "2003.10.05"]
[EventType "team"]
[EventRounds "9"]
[EventCountry "RUS"]
[SourceTitle "CBM 096 Extra"]
[Source "ChessBase"]
[SourceDate "2003.10.22"]
[SourceVersion "2"]
[SourceVersionDate "2003.10.20"]
[SourceQuality "1"]

1. e4 c5 2. Nf3 Nc6 3. Nc3 g6 4. d4 cxd4 5. Nxd4 Bg7 6. Be3 Nf6 7. Bc4 0-0 8. f3 Qb6 9. Rb1 Qb4 10. Nxc6 bxc6 11. Be2 d5 12. a3 Qa5 13. e5 Nd7 14. f4 e6 15. 0-0 c5 16. b4 cxb4 17. axb4 Qd8 18. Nb5 Ba6 19. Nxa7 Bxe2 20. Qxe2 Nb6 21. Nc6 Qc7 22. b5 Nc4 23. Bc5 Rfe8 24. Ra1 g5 25. g3 h6 26. Kh1 Qb7 27. Rxa8 Rxa8 28. Rb1 Qc7 29. Rf1 Qb7 30. fxg5 Qxb5 31. gxh6 Qxc6 32. Qg4 d4+ 33. Kg1 Qg2+ 34. Kxg2 Ne3+ 35. Kh3 Nxg4 36. hxg7 Ne3 37. Rf2 Kxg7 38. Bxd4 Rh8# 0-1

[Event "Arctic Cup U16"]
[Site "Salekhard"]
[Date "2003.10.07"]
[Round "3"]
[White "Makarov, Leonid"]
[Black "Demin, Vladimir"]
[Result "1/2-1/2"]
[WhiteElo "2036"]
[BlackElo "2345"]
[PlyCount "130"]
[EventDate "2003.10.05"]
[EventType "team"]
[EventRounds "9"]
[EventCountry "RUS"]
[SourceTitle "CBM 096 Extra"]
[Source "ChessBase"]
[SourceDate "2003.10.22"]
[SourceVersion "2"]
[SourceVersionDate "2003.10.20"]
[SourceQuality "1"]

1. d4 d6 2. c4 e5 3. Nf3 e4 4. Nfd2 f5 5. Nc3 Nf6 6. e3 Be7 7. Be2 0-0 8. b3 c6 9. Bb2 d5 10. Rc1 Be6 11. a3 Nbd7 12. c5 Qe8 13. b4 b5 14. a4 a6 15. Ra1 Qb8 16. axb5 axb5 17. Rxa8 Qxa8 18. Nb3 Bd8 19. h3 Bc7 20. g3 Qb7 21. Qd2 Ra8 22. Bd1 Nf8 23. Nc1 Bf7 24. N1e2 Bh5 25. Bb3 Ne6 26. Nf4 Ng5 27. Kf1 Nf3 28. Qc1 Bxf4 29. gxf4 Nh4 30. Rg1 Bf3 31. Bd1 Bxd1 32. Qxd1 Nf3 33. Rg3 Qf7 34. Qe2 Qh5 35. Kg2 Nh4+ 36. Kf1 Qxe2+ 37. Kxe2 Nf3 38. Rg2 Kf7 39. Rg3 h6 40. h4 Nxh4 41. Rh3 Nf3 42. Rh1 h5 43. Kf1 Nd2+ 44. Kg2 Nc4 45. Ra1 Rxa1 46. Bxa1 Ng4 47. Ne2 Nf6 48. Bc3 Nd7 49. Kg3 Nb8 50. Nc1 Na6 51. Na2 Kg6 52. Kh4 Kh6 53. Nc1 Na3 54. Na2 Nc7 55. Nc1 Ne6 56. Nb3 Nc4 57. Nc1 g5+ 58. fxg5+ Nxg5 59. Ne2 Na3 60. Bb2 Nb1 61. Bc1 Nf3+ 62. Kh3 Ne1 63. Nf4 Nd3 64. Nxd5 Nxc1 65. Ne7 Nd3 1/2-1/2